All capitals in their native languages - Statistics

General Stats
  • This quiz has been taken 88 times
  • The average score is 110 of 195
Answer Stats
Name Answer % Correct
Ciudad de México Mexico City
94%
Washington Washington
92%
Jakarta Jakarta
90%
Москва Moscow
90%
Berlin Berlin
88%
Brasília Brasília
88%
Maynila Manila
88%
Buenos Aires Buenos Aires
85%
Paris Paris
85%
Hà Nội Hanoi
85%
İstanbul Istanbul
85%
London London
85%
Madrid Madrid
85%
Ottawa Ottawa
85%
Roma Rome
85%
Abuja Abuja
83%
Київ Kyiv
83%
Lima Lima
83%
Nairobi Nairobi
83%
Warszawa Warsaw
83%
Bogotá Bogotá
79%
Kampala Kampala
79%
Kinsásá Kinshasa
79%
Canberra Canberra
77%
Luanda Luanda
77%
Toshkent Tashkent
77%
București Bucharest
75%
Dodoma Dodoma
75%
Amsterdam Amsterdam
73%
北京 Beijing
73%
Caracas Caracas
73%
Ciudad de Guatemala Guatemala City
73%
東京 Tokyo
73%
Maputo Maputo
71%
नई दिल्ली New Delhi
71%
Santiago Santiago
71%
Yaoundé Yaoundé
71%
Bàmakɔ Bamako
69%
Bern | Bärn Bern
69%
Lilongwe Lilongwe
69%
Antananarivo | Tananarive Antananarivo
67%
Brussel | Bruxelles Brussels
67%
Budapest Budapest
67%
Freetown Freetown
67%
Kingston Kingston
67%
Kingstown Kingstown
67%
Lisboa Lisbon
67%
Managua Managua
67%
Ouagadougou Ouagadougou
67%
San José San José
67%
San Salvador San Salvador
67%
서울 Seoul
67%
Stockholm Stockholm
67%
Tegucigalpa Tegucigalpa
67%
Yamoussoukro Yamoussoukro
67%
Bratislava | Pozsony Bratislava
65%
København Copenhagen
65%
Harare Harare
65%
La Habana Havana
65%
Helsinki Helsinki
65%
Juba | جوبا Juba
65%
Kigali Kigali
65%
Monaco Monaco
65%
Nassau Nassau
65%
انجمينا | N'Djaména N'Djamena
65%
Oslo Oslo
65%
Ciudad de Panamá Panama City
65%
Praha Prague
65%
San Marino San Marino
65%
Santo Domingo Santo Domingo
65%
St. John's St. John's
65%
Tirana Tirana
65%
Città del Vaticano | Civitatis Vaticanae Vatican City
65%
Andorra la Vella Andorra la Vella
63%
Asunción Asunción
63%
Bakı Baku
63%
Belmopan Belmopan
63%
Bissau Bissau
63%
Bridgetown Bridgetown
63%
Chișinău Chișinău
63%
Georgetown Georgetown
63%
Lomé Lomé
63%
Lëtzebuerg | Luxembourg | Luxemburg Luxembourg
63%
Muqdisho | مقديشو Mogadishu
63%
Port of Spain Port of Spain
63%
Port-Vila Port Vila
63%
Pristina Pristina
63%
평양 Pyongyang
63%
Reykjavík Reykjavík
63%
Rīga Riga
63%
São Tomé São Tomé
63%
Singapura | 吉隆坡 | கோலா லம்பூர் Singapore
63%
Suva | सुवा Suva
63%
Tallinn Tallinn
63%
Vaduz Vaduz
63%
Il-Belt Valletta Valletta
63%
Victoria Victoria
63%
Wien Vienna
63%
Vilnius Vilnius
63%
Zagreb Zagreb
63%
Apia Apia
60%
Basseterre Basseterre
60%
Castries Castries
60%
Díli Dili
60%
Funafuti Funafuti
60%
Honiara Honiara
60%
Libreville Libreville
60%
Ljubljana Ljubljana
60%
Malabo Malabo
60%
Maseru Maseru
60%
Мінск | Минск Minsk
60%
Montevideo Montevideo
60%
Paramaribo Paramaribo
60%
Port-Louis Port Louis
60%
Aşgabat Ashgabat
58%
Bandar Brunei | بندر سري بڬاوان Bandar Seri Begawan
58%
Gaborone Gaborone
58%
Monrovia Monrovia
58%
Palikir Palikir
58%
Yaren Yaren
58%
Λευκωσία | Lefkoşa Nicosia
56%
Nuku'alofa Nuku'alofa
56%
Нұр-Сұлтан | Нур-Султан Nur-Sultan
56%
Pot Mosbi Port Moresby
56%
Praia Praia
56%
Bujumbura Bujumbura
54%
Ngerulmud Ngerulmud
54%
Скопје | Shkup Skopje
54%
አዲስ አበባ Addis Ababa
52%
กรุงเทพมหานคร Bangkok
52%
Banjul | Bannjulu Banjul
52%
Tarawa Teinainano South Tarawa
52%
الجزائر | Dzayer Algiers
50%
ঢাকা Dhaka
50%
ÉMbábáne Mbabane
50%
Pòtoprens Port-au-Prince
50%
Αθήνα Athens
48%
Бишкек Bishkek
48%
Jabuuti | جيبوتي Djibouti
48%
יְרוּשָׁלַיִם | القُدس Jerusalem
48%
القاهرة Cairo
46%
Baile Átha Cliath Dublin
46%
Ɲamay | Yamai | ⵏⵉⴰⵎⵢ Niamey
46%
Улаанбаатар Ulaanbaatar
46%
بَغْدَاد Baghdad
44%
Bangî Bangui
44%
Београд Belgrade
44%
Kɔnakiri | ߞߐߣߊߞߙߌ߫ | Konaakiri Conakry
44%
Сарајево Sarajevo
44%
София Sofia
44%
臺北 Taipei
44%
Душанбе | دوشنبه Dushanbe
42%
نواكشوط | Nwakcot Nouakchott
42%
Подгорица Podgorica
42%
الرياض Riyadh
42%
تهران Tehran
42%
الرباط | ⴰⵕⴱⴰⵟ Rabat
40%
Ndakaaru Dakar
38%
काठमाडौँ Kathmandu
38%
Mwalusaka Lusaka
38%
دمشق Damascus
35%
吉隆坡 | கோலா லம்பூர் Kuala Lumpur
35%
Mājro Majuro
35%
Kitu Quito
35%
صَنْعَاء Sana'a
35%
თბილისი Tbilisi
35%
الخرطوم Khartoum
33%
ශ්‍රී ජයවර්ධනපුර කෝට්ටේ Sri Jayawardenepura Kotte
33%
کابل Kabul
31%
ភ្នំពេញ Phnom Penh
29%
بيروت Beirut
27%
مدينة الكويت Kuwait City
27%
နေပြည်တော်; Naypyidaw
27%
Երևան Yerevan
27%
عَمَّان Amman
25%
المنامة Manama
25%
مَسْقَط Muscat
25%
ཐིམ་ཕུག Thimphu
25%
ວຽງຈັນ Vientiane
25%
أَبُو ظَبْيٍ Abu Dhabi
23%
ǀʼAuxa ǃXās Bloemfontein
23%
الدوحة Doha
23%
Te Whanganui-a-Tara Wellington
21%
Nkran | Ankara | Ga Accra
19%
ኣስመራ Asmara
19%
މާލެ Malé
19%
تونس Tunis
19%
موروني Moroni
17%
Sen Jòj St. George's
17%
طرابلس | ⵜⵔⵢⴱⵓⵍⵙ Tripoli
17%
Chuqi Yapu La Paz
13%
Àjàṣẹ́ | Xɔ̀gbónù Porto-Novo
10%
ǀAi-ǁGams | Otjomuise Windhoek
10%
Wozo Roseau
8%
Kintamo | M'fa Brazzaville
4%
No matching quizzes found
Score Distribution
Percent of People with Each Score
Percentile by Number Answered
Your Score History
You have not taken this quiz